Eldest : L`eredità / Maria Concetta Scotto di Santillo, traductora

Αποθηκεύτηκε σε:
Λεπτομέρειες βιβλιογραφικής εγγραφής
Κύριος συγγραφέας: Paolini, Christopher
Μορφή: Βιβλίο
Γλώσσα:Undetermined
Έκδοση: Milan, Italia Libri 2006
Θέματα:
Ετικέτες: Προσθήκη ετικέτας
Δεν υπάρχουν, Καταχωρήστε ετικέτα πρώτοι!

MARC

LEADER 00000nam a2200000Ia 4500
008 170316s9999 xx 000 0 und d
040 |a cru BVZT 
090 |a 850 P-1.1e 
100 |a Paolini, Christopher 
245 |a Eldest : L`eredità / Maria Concetta Scotto di Santillo, traductora 
260 |a Milan, Italia  |b Libri  |c 2006 
300 |a 811 páginas 
650 |a LITERATURA ITALIANA 
650 |a EN IDIOMA ITALIANO 
650 |a TRILOGIA DELL` EREDITÀ 
650 |a SECONDO CAPITOLO 
999 |c 8185  |d 8185 
942 |c 15 D  |h 850 P-1.1e  |2 z